[Event "Milan SSM August"]
[Site "Milan"]
[Date "2010.07.31"]
[Round "2"]
[White "Regorda, Vittorio"]
[Black "Simone, Marco"]
[Result "0-1"]
[WhiteElo "1859"]
[BlackElo "1854"]
[PlyCount "78"]
[EventDate "2010.07.30"]
[EventType "swiss"]
[EventRounds "7"]
[EventCountry "ITA"]
[SourceTitle "EXT 2024"]
[Source "ChessBase"]
[SourceDate "2023.10.10"]
[SourceVersion "1"]
[SourceVersionDate "2023.10.10"]
[SourceQuality "1"]

1. d4 Nf6 2. c4 c5 3. Nf3 cxd4 4. Nxd4 Nc6 5. g3 e5 6. Nb3 Qb6 7. Bg2 Bb4+ 8. Bd2 a5 9. a4 0-0 10. 0-0 e4 11. Be3 Qc7 12. Qc2 Re8 13. N1d2 Qe5 14. Bf4 Qf5 15. f3 Bxd2 16. Nxd2 Nd4 17. Qd1 exf3 18. exf3 Ne2+ 19. Kh1 Nxf4 20. gxf4 Qxf4 21. Ne4 Ra6 22. Qd4 Nh5 23. Rae1 Rae6 24. Qd5 Re5 25. Qd1 R5e6 26. Nd6 Rxe1 27. Rxe1 Rxe1+ 28. Qxe1 Qxd6 29. Qe8+ Qf8 30. Qe5 g6 31. f4 d6 32. Qg5 h6 33. Qh4 Qe8 34. Bf3 Ng7 35. Qf2 Qxa4 36. Qe2 Be6 37. Bxb7 Bxc4 38. Qd2 Qa1+ 39. Kg2 Qf1+ 0-1

[Event "Porto Mannu op"]
[Site "Porto Mannu"]
[Date "2008.05.18"]
[Round "2"]
[White "De Cristofano, Fabrizio"]
[Black "Simone, Marco"]
[Result "0-1"]
[WhiteElo "1736"]
[BlackElo "1867"]
[PlyCount "42"]
[EventDate "2008.05.17"]
[EventType "swiss"]
[EventRounds "9"]
[EventCountry "ITA"]
[SourceTitle "CBM 124 Extra"]
[Source "ChessBase"]
[SourceDate "2008.07.03"]
[SourceVersion "1"]
[SourceVersionDate "2008.07.03"]
[SourceQuality "1"]

1. e4 e6 2. d4 d5 3. Nd2 Nf6 4. e5 Nfd7 5. Bd3 c5 6. c3 Qb6 7. Ne2 f6 8. f4 Nc6 9. Nf3 Be7 10. g4 0-0 11. Ng3 fxe5 12. Nxe5 cxd4 13. cxd4 Ndxe5 14. dxe5 Nxe5 15. Be2 Bb4+ 16. Kf1 Nxg4 17. Kg2 Qf2+ 18. Kh3 e5 19. Qxd5+ Kh8 20. Qb3 Ne3+ 21. Kh4 Rxf4+ 0-1

[Event "Porto Mannu op"]
[Site "Porto Mannu"]
[Date "2008.05.17"]
[Round "1"]
[White "Simone, Marco"]
[Black "Diotallevi, Maurizio"]
[Result "1/2-1/2"]
[WhiteElo "1867"]
[BlackElo "2096"]
[PlyCount "110"]
[EventDate "2008.05.17"]
[EventType "swiss"]
[EventRounds "9"]
[EventCountry "ITA"]
[SourceTitle "CBM 124 Extra"]
[Source "ChessBase"]
[SourceDate "2008.07.03"]
[SourceVersion "1"]
[SourceVersionDate "2008.07.03"]
[SourceQuality "1"]

1. e4 e6 2. d4 d5 3. Nc3 Bb4 4. e5 c5 5. a3 Bxc3+ 6. bxc3 Nc6 7. Nf3 Nge7 8. Bd3 Qa5 9. 0-0 c4 10. Be2 Bd7 11. Bd2 0-0-0 12. Qc1 Ng6 13. Ng5 Rdf8 14. f4 Nce7 15. Qb2 f6 16. Nf3 Nc6 17. a4 Nge7 18. Rfb1 b6 19. Qa3 Kd8 20. Bc1 Qa6 21. Qa2 Na5 22. Ba3 Re8 23. Bd6 Nb7 24. Bb4 Nc6 25. Nd2 Nba5 26. exf6 gxf6 27. Bh5 Reg8 28. Re1 Rg7 29. f5 e5 30. dxe5 Nxe5 31. Rxe5 fxe5 32. f6 Rg5 33. Bf7 Qb7 34. Nf3 Rf5 35. Be7+ Kc8 36. Re1 e4 37. Nd4 Rxf6 38. Bxf6 Rf8 39. Bxd5 Qxd5 40. Bh4 Rg8 41. Re3 Nc6 42. Nxc6 Bxc6 43. Be1 h5 44. Qa3 Re8 45. Qb4 Kb7 46. a5 b5 47. Bg3 Qd2 48. Qc5 Qd5 49. Qd6 Qxd6 50. Bxd6 Rd8 51. Bb4 Rd2 52. h3 Rd7 53. Kh2 Rg7 54. g3 a6 55. Bc5 Rg6 1/2-1/2

[Event "Bratto op-B 27th"]
[Site "Bratto"]
[Date "2007.08.29"]
[Round "6"]
[White "Acunzo, Domenico"]
[Black "Simone, Marco"]
[Result "0-1"]
[WhiteElo "1776"]
[BlackElo "1904"]
[PlyCount "56"]
[EventDate "2007.08.24"]
[EventType "swiss"]
[EventRounds "8"]
[EventCountry "ITA"]
[SourceTitle "CBM 120 Extra"]
[Source "ChessBase"]
[SourceDate "2007.11.01"]
[SourceVersion "1"]
[SourceVersionDate "2007.11.01"]
[SourceQuality "1"]

1. e4 e6 2. d4 d5 3. Nc3 Bb4 4. e5 c5 5. a3 Bxc3+ 6. bxc3 Qc7 7. Nf3 Ne7 8. Be2 Nbc6 9. 0-0 Bd7 10. a4 0-0 11. Ba3 c4 12. Ng5 f6 13. Bd6 Qa5 14. exf6 gxf6 15. Qd2 fxg5 16. Qxg5+ Ng6 17. Bxf8 Rxf8 18. Qg3 Qd8 19. h3 Nce7 20. Bg4 Nf5 21. Bxf5 Rxf5 22. Qd6 Nf4 23. Kh2 Ne2 24. Rae1 Nxc3 25. Rxe6 Ne4 26. Qe7 Qc7+ 27. g3 Rxf2+ 28. Rxf2 Qxg3+ 0-1

[Event "Porto Mannu op"]
[Site "Porto Mannu"]
[Date "2007.05.23"]
[Round "6"]
[White "Ciampi, Vincenzo"]
[Black "Simone, Marco"]
[Result "0-1"]
[WhiteElo "2106"]
[BlackElo "1885"]
[PlyCount "124"]
[EventDate "2007.05.19"]
[EventType "swiss"]
[EventRounds "9"]
[EventCountry "ITA"]
[SourceTitle "CBM 118 Extra"]
[Source "ChessBase"]
[SourceDate "2007.07.04"]
[SourceVersion "1"]
[SourceVersionDate "2007.07.04"]
[SourceQuality "1"]

1. c4 g6 2. Nc3 Bg7 3. g3 c6 4. Bg2 d6 5. e4 e5 6. Nge2 Nf6 7. 0-0 Be6 8. d3 Qd7 9. f4 Bh3 10. f5 Bxg2 11. Kxg2 0-0 12. Ng1 d5 13. fxg6 fxg6 14. cxd5 cxd5 15. exd5 Na6 16. Nf3 Rae8 17. Qb3 Nc5 18. Qc4 Nxd3 19. d6+ Kh8 20. Qxd3 e4 21. Nxe4 Nxe4 22. Be3 Qxd6 23. Qxd6 Nxd6 24. Bc5 Re2+ 25. Kg1 Rd8 26. Ng5 h6 27. Nf3 b6 28. Ba3 Nc4 29. Rae1 Rde8 30. Rxe2 Rxe2 31. Rf2 Rxf2 32. Kxf2 Nxb2 33. Nd2 Nd1+ 34. Kf3 Nc3 35. Bd6 Nxa2 36. Nb3 a5 37. Nd2 b5 38. Ke2 b4 39. Kd3 a4 40. Nb1 a3 41. Kc2 Bb2 42. Nd2 Kg7 43. Nc4 Bd4 44. Nd2 Kf6 45. Nb3 Bb2 46. Kb1 Nc3+ 47. Kc2 Nd5 48. Nd2 Ke6 49. Bf8 Bc3 50. Bxh6 Bxd2 51. Bxd2 Kf5 52. h3 Ke4 53. Kb3 Kf3 54. Be1 Ke2 55. Bxb4 Nxb4 56. Kxa3 Nc2+ 57. Kb3 Kf3 58. g4 Ne3 59. g5 Kg3 60. Kc3 Kxh3 61. Kd4 Ng2 62. Ke5 Kg4 0-1

[Event "Bratto Gorgonzola op-B"]
[Site "Bratto"]
[Date "2006.08.20"]
[Round "1"]
[White "Galasso, Daniele"]
[Black "Simone, Marco"]
[Result "1/2-1/2"]
[WhiteElo "1721"]
[BlackElo "1880"]
[PlyCount "99"]
[EventDate "2006.08.20"]
[EventType "swiss"]
[EventRounds "8"]
[EventCountry "ITA"]
[SourceTitle "EXT 2008"]
[Source "ChessBase"]
[SourceDate "2007.11.25"]
[SourceVersion "1"]
[SourceVersionDate "2007.11.25"]
[SourceQuality "1"]

1. c4 e5 2. Nc3 d6 3. g3 f5 4. Bg2 c6 5. e4 Nf6 6. Nge2 Be7 7. d4 exd4 8. Nxd4 fxe4 9. Nxe4 0-0 10. 0-0 Ng4 11. Bf4 Ne5 12. Bxe5 dxe5 13. Nf3 Qxd1 14. Raxd1 Bg4 15. Rd3 Nd7 16. h3 Bf5 17. Re3 Rae8 18. Nfd2 Bb4 19. Rd1 Nf6 20. Nxf6+ gxf6 21. Ne4 Re7 22. a3 Ba5 23. b4 Bc7 24. c5 Bxe4 25. Bxe4 f5 26. Bc2 Kf7 27. Red3 Kf6 28. Bb3 e4 29. Rd7 Rfe8 30. Kg2 Be5 31. a4 Rxd7 32. Rxd7 Re7 33. Rxe7 Kxe7 34. f4 Bc3 35. b5 Bb4 36. bxc6 bxc6 37. g4 fxg4 38. hxg4 Bxc5 39. Bc2 e3 40. Kf3 h6 41. Be4 Kd6 42. f5 Bd4 43. f6 Bxf6 44. Kxe3 Bg5+ 45. Kd3 c5 46. Kc4 Ke5 47. Bc6 Be3 48. Bd7 Kf4 49. Be6 Bd4 50. Bd7 1/2-1/2